| 000 | 01491nam a2200337Ia 4500 | ||
|---|---|---|---|
| 001 | ebr10436046 | ||
| 003 | CaPaEBR | ||
| 006 | m u | ||
| 007 | cr cn||||||||| | ||
| 008 | 061222s2006 dk ab s 100 0 eng d | ||
| 020 | _z9788779349728 | ||
| 020 | _z8779342388 | ||
| 040 |
_aCaPaEBR _cCaPaEBR |
||
| 035 | _a(OCoLC)712995909 | ||
| 050 | 1 | 4 |
_aDJK64 _b.S979 2006eb |
| 245 | 0 | 0 |
_aSurveying the Greek chora _h[electronic resource] : _bBlack Sea region in a comparative perspective / _cedited by Pia Guldager Bilde and Vladimir F. Stolba. |
| 260 |
_aAarhus ; _aOakville, CT : _bAarhus University Press, _c2006. |
||
| 300 |
_a346 p. : _bill., maps. |
||
| 490 | 1 |
_aBlack Sea studies ; _v4 |
|
| 500 | _aPapers from a conference held August-September 2003, Danish National Research Foundation Centre for Black Sea Studies. | ||
| 533 |
_aElectronic reproduction. _bPalo Alto, Calif. : _cebrary, _d2011. _nAvailable via World Wide Web. _nAccess may be limited to ebrary affiliated libraries. |
||
| 650 | 0 |
_aGreeks _zBlack Sea Coast _vCongresses. |
|
| 650 | 0 |
_aLandscape archaeology _zBlack Sea Coast _vCongresses. |
|
| 651 | 0 |
_aBlack Sea Coast _xAntiquities _vCongresses. |
|
| 655 | 7 |
_aElectronic books. _2local |
|
| 700 | 1 | _aBilde, Pia Guldager. | |
| 700 | 1 | _aStolba, Vladimir F. | |
| 710 | 2 | _aebrary, Inc. | |
| 830 | 0 |
_aBlack Sea studies ; _v4. |
|
| 856 | 4 | 0 |
_uhttp://site.ebrary.com/lib/rucke/Doc?id=10436046 _zAn electronic book accessible through the World Wide Web; click to view |
| 999 |
_c234890 _d234890 |
||